00693 2200217 4500001002100000005001700021008004100038035002400079082001200103090002200115100005400137245009300191250001100284260005700295300002300352650004900375850001500424980001500439985000600454999001500460YOGYA-0209000004191820090227025823.0 ind  0010-020900000041918 a342.068 a342.068bBan PlR aINDONESIA. Badan Perencanaan Pembangunan Nasional aPeraturan-peraturan jabatan fungsional perencanabBadan Perencanaan Pembangunan Nasional aCet. 1 aJakartabBadan Perncanaan Pembangunan Nasionalc2003 aiv, 300 hlmc25 cm aPegawai Negeri - Undang-undang dan peraturan aYOPDYOG(B) a28-06-2007 a1 a07A0022589